000 00579nam a2200229Ia 4500
003 OSt
005 20221005132742.0
006 a|||||r|||| 00| 0
007 ta
008 221004b |||||||| |||| 00| 0 eng d
024 _a47123
037 _cTextual
040 _aCRL
_cCRL
_beng
041 _2eng
_aeng
082 _aP111:J, G8
100 _aWeston W J
_9641569
245 0 _aUsing the king's English
_b some guidance to practice
260 _c1938
650 _aLINGUISTICS
942 _hP111:J, G8
_cTEXL
_2cc
999 _c1064685
_d1064685